Módulo de intervención en crisis: violencia sexual /

Spremljeno u:
Bibliografski detalji
Glavni autor: Claramunt M., Cecilia
Daljnji autori: comp
Format: Tekst
Izdano: San José: UCR. FCS. EPS
Teme:
Oznake: Dodaj oznaku
Bez oznaka, Budi prvi tko označuje ovaj zapis!

MARC

LEADER 00000 a a2200000 04500
001 33143
003
040
090 |a 206508  
100 |a Claramunt M., Cecilia  
245 |a Módulo de intervención en crisis: violencia sexual /  |c Cecilia Claramunt M. 
260 |a San José:   |b UCR. FCS. EPS  
300 |a 151 p.  
650 |a MADRES  
650 |a ATENCION PSICOLOGICA  
650 |a ORIENTACION FAMILIAR  
650 |a INCESTO  
650 |a ABUSO DE MENORES  
650 |a ABUSO SEXUAL  
650 |a VIOLENCIA CONTRA LAS MUJERES  
700 |a comp.  
999 |c 10814  |d 10814